000 00576nam a22001817a 4500
005 20251108165245.0
008 250721s1990 xx 000 0 ara d
082 1 4 _a613.8/عبد
100 1 _aصالح، عبد الجواد
245 1 0 _aالإحتلال و المخدرات :
_bحول دور الإحتلال ... /
264 1 _aلندن :
_bمركز القدس للدراسات الإنمائية،
_c1990.
300 _a95ص
650 1 7 _aالمخدرات
650 1 7 _aفلسطين
650 1 7 _aالتاريخ السياسي
942 _2ddc
_cBK
999 _c23403
_d23403